Networks of outrage and hope : (Record no. 22203)
[ view plain ]
| 000 -LEADER | |
|---|---|
| fixed length control field | 01305cam a22003495a 4500 |
| 001 - CONTROL NUMBER | |
| control field | 18364026 |
| 003 - CONTROL NUMBER IDENTIFIER | |
| control field | EG-ScBUE |
| 005 - DATE AND TIME OF LATEST TRANSACTION | |
| control field | 20201128023812.0 |
| 008 - FIXED-LENGTH DATA ELEMENTS--GENERAL INFORMATION | |
| fixed length control field | 141107t2015 enka f b 000 0 eng d |
| 020 ## - INTERNATIONAL STANDARD BOOK NUMBER | |
| International Standard Book Number | 9780745695761 |
| 040 ## - CATALOGING SOURCE | |
| Original cataloging agency | DLC |
| Language of cataloging | eng |
| Description conventions | rda |
| Transcribing agency | DLC |
| Modifying agency | DLC |
| -- | EG-ScBUE |
| 082 04 - DEWEY DECIMAL CLASSIFICATION NUMBER | |
| Classification number | 303.484 |
| Item number | CAS |
| Edition number | 22 |
| 100 1# - MAIN ENTRY--PERSONAL NAME | |
| Personal name | Castells, Manuel, |
| Dates associated with a name | 1942- |
| Relator term | author. |
| 9 (RLIN) | 37772 |
| 245 10 - TITLE STATEMENT | |
| Title | Networks of outrage and hope : |
| Remainder of title | social movements in the internet age / |
| Statement of responsibility, etc | Manuel Castells. |
| 250 ## - EDITION STATEMENT | |
| Edition statement | Second edition, |
| Remainder of edition statement | Enlarged and updated |
| 264 #1 - PUBLICATION, DISTRIBUTION, ETC. (IMPRINT) | |
| Place of publication, distribution, etc | Cambridge, UK : |
| Name of publisher, distributor, etc | Polity Press, |
| Date of publication, distribution, etc | [2015] |
| 264 #4 - PUBLICATION, DISTRIBUTION, ETC. (IMPRINT) | |
| Date of publication, distribution, etc | c2015 |
| 300 ## - PHYSICAL DESCRIPTION | |
| Extent | xix, 318 pages : |
| Other physical details | illustration ; |
| Dimensions | 21 cm |
| 336 ## - CONTENT TYPE | |
| Source | rdacontent |
| Content type term | text |
| Content type code | txt |
| 337 ## - MEDIA TYPE | |
| Source | rdamedia |
| Media type term | unmediated |
| Media type code | n |
| 338 ## - CARRIER TYPE | |
| Source | rdacarrier |
| Carrier type term | volume |
| Carrier type code | nc |
| 500 ## - GENERAL NOTE | |
| General note | Revised edition of the author's Networks of outrage and hope published in 2012. |
| 504 ## - BIBLIOGRAPHY, ETC. NOTE | |
| Bibliography, etc | Includes bibliographical references. |
| 650 #7 - SUBJECT ADDED ENTRY--TOPICAL TERM | |
| Topical term or geographic name as entry element | Information technology |
| General subdivision | Social aspects. |
| Source of heading or term | BUEsh |
| 9 (RLIN) | 37778 |
| 650 #7 - SUBJECT ADDED ENTRY--TOPICAL TERM | |
| Topical term or geographic name as entry element | Internet |
| General subdivision | Social aspects. |
| Source of heading or term | BUEsh |
| 9 (RLIN) | 1056 |
| 650 #7 - SUBJECT ADDED ENTRY--TOPICAL TERM | |
| Topical term or geographic name as entry element | Information society. |
| Source of heading or term | BUEsh |
| 9 (RLIN) | 37393 |
| 650 #7 - SUBJECT ADDED ENTRY--TOPICAL TERM | |
| Topical term or geographic name as entry element | Information networks. |
| Source of heading or term | BUEsh |
| 9 (RLIN) | 7256 |
| 650 #7 - SUBJECT ADDED ENTRY--TOPICAL TERM | |
| Topical term or geographic name as entry element | Social movements. |
| Source of heading or term | BUEsh |
| 9 (RLIN) | 13465 |
| 650 #7 - SUBJECT ADDED ENTRY--TOPICAL TERM | |
| Topical term or geographic name as entry element | Technology and civilization. |
| Source of heading or term | BUEsh |
| 653 ## - INDEX TERM--UNCONTROLLED | |
| Resource For college | Communication and mass media |
| Arrived date list | August 2016 |
| -- | July2020 |
| 942 ## - ADDED ENTRY ELEMENTS (KOHA) | |
| Source of classification or shelving scheme | Dewey Decimal Classification |
| Koha item type | Book - Borrowing |
| Withdrawn status | Lost status | Source of classification or shelving scheme | Damaged status | Not for loan | Collection code | Home library | Current library | Shelving location | Date acquired | Source of acquisition | Cost, normal purchase price | Serial Enumeration / chronology | Total Checkouts | Full call number | Barcode | Date last seen | Cost, replacement price | Koha item type | Price effective from |
|---|---|---|---|---|---|---|---|---|---|---|---|---|---|---|---|---|---|---|---|
| Dewey Decimal Classification | Baccah | Central Library | Central Library | First floor | 23/08/2016 | Purchase | 244.00 | 26211 | 303.484 CAS | 000033308 | 15/07/2025 | 306.00 | Book - Borrowing | ||||||
| Dewey Decimal Classification | Baccah | Central Library | Central Library | First floor | 16/07/2020 | Purchase | 303.484 CAS | 000049360 | 18/08/2021 | NB - Book (Non borrowing) | 16/07/2020 | ||||||||
| Dewey Decimal Classification | Baccah | Central Library | Central Library | First floor | 19/07/2020 | Purchase | 303.484 CAS | 000049357 | 15/07/2025 | NB - Book (Non borrowing) | 19/07/2020 | ||||||||
| Dewey Decimal Classification | Baccah | Central Library | Central Library | First floor | 19/07/2020 | Purchase | 303.484 CAS | 000049358 | 15/07/2025 | Book - Borrowing | 19/07/2020 | ||||||||
| Dewey Decimal Classification | Baccah | Central Library | Central Library | First floor | 19/07/2020 | Purchase | 303.484 CAS | 000049359 | 15/07/2025 | Book - Borrowing | 19/07/2020 |